000 01199cam a22003015i 4500
001 17239973
003 EG-ScBUE
005 20250812091305.0
008 120403t2012 nyua f b 001 0 eng d
020 _a9781617798207 (alk. paper)
040 _aEG-ScBUE
_beng
_erda
_cEG-ScBUE
_dEG-ScBUE
082 0 4 _222
_a543.4
_bPRO
245 0 0 _aProtein electrophoresis :
_bmethods and protocols /
_cedited by Biji T. Kurien and R. Hal Scofield, University of Oklahoma Health Sciences Center, Oklahoma Medical Research Foundation, Department of Veterans Affairs Medical Center, Oklahoma City, OK, USA.
264 1 _aNew York :
_bHumana Press,
_c[2012]
264 4 _cc2012
300 _axiv, 648 pages :
_billustrations (some color) ;
_c27 cm.
336 _2rdacontent
_atext
_btxt
337 _aunmediated
_2rdamedia
_bn
338 _avolume
_bnc
_2rdacarrier
490 0 _aMethods in molecular biology,
_x1064-3745 ;
_v869
504 _aIncludes bibliographical references and index.
650 7 _aElectrophoresis
_vLaboratory manuals.
_2BUEsh
653 _bPPhrm
_cMarch2016
655 _vReading book
700 1 _aKurien, Biji T.,
_eeditor.
700 1 _aScofield, R. Hal,
_eeditor.
942 _2ddc
_cBB
999 _c21321
_d21293